| 000 | 01777cam a22003251i 4500 | ||
|---|---|---|---|
| 003 | SA-RiAUC | ||
| 005 | 20241102090842.0 | ||
| 008 | 241101s1992 le g 000 0 ara c | ||
| 040 |
_aSA-JeALM _bara _cSA-RiAUC _erda |
||
| 082 | 0 | 4 |
_a250 _qSA-RiAUC |
| 090 |
_a250 _bا ب ن ع |
||
| 100 | 1 |
_aابن العماد، أحمد بن عماد بن يوسف، _d750-808 هجري _eمؤلف. |
|
| 245 | 1 | 2 |
_aالإرشاد إلى ما وقع في الفقه وغيره من الأعداد، أو، الذريعة إلى معرفة الأعداد الواردة في الشريعة / _cتصنيف بن عماد الأقفهسي ؛ تحقيق عادل أحمد عبد الجواد، علي محمد معوض، زكريا عبد المجيد النوتي. |
| 246 | 3 | 3 | _aالذريعة إلى معرفة الأعداد الواردة في الشريعة |
| 250 | _aالطبعة الأولى. | ||
| 264 | 1 |
_aبيروت : _bدار الكتب العلمية، _c1992 |
|
| 300 |
_a2 مجلد ؛ _c25 سم |
||
| 336 |
_aنص _btxt _2rdacontent _3كتاب |
||
| 337 |
_aبدون وسيط _bn _2rdamedia |
||
| 338 |
_aمجلد _bnc _2rdacarrier |
||
| 500 | _aنسب الكتاب خطأ إلى محمد بن أحمد بن عماد وهو لوالده أحمد بن عماد بن يوسف. | ||
| 650 | 7 |
_aالفقه الإسلامي _2aucsh |
|
| 650 | 7 |
_aالعبادات (فقه إسلامي) _2aucsh |
|
| 700 | 1 |
_aابن العماد الأقفهسي، محمد بن أحمد بن عماد، _d780-867 هجري _eمؤلف. |
|
| 700 | 1 |
_aالنوتي، زكريا عبد الحميد _eمحقق. |
|
| 700 | 1 |
_aعبد الجواد، عادل أحمد _eمحقق. |
|
| 700 | 1 |
_aمعوض، علي محمد _eمحقق. |
|
| 942 |
_2ddc _cBOOK _n0 |
||
| 949 |
_aSA-JeALM _d241101 _umohamedma123 _n1 |
||
| 999 |
_c1958 _d1958 |
||